[Event "Petrolina Cordioli Memorial op"]
[Site "Petrolina"]
[Date "2007.10.21"]
[Round "6"]
[White "Ferreira, Joemerson Damacena"]
[Black "Dos Santos, Adriano Barbosa"]
[Result "1-0"]
[WhiteElo "1899"]
[BlackElo "1800"]
[PlyCount "167"]
[EventDate "2007.10.09"]
[EventType "swiss"]
[EventRounds "7"]
[EventCountry "BRA"]
[SourceTitle "EXT 2022"]
[Source "ChessBase"]
[SourceDate "2021.10.06"]
[SourceVersion "1"]
[SourceVersionDate "2021.10.06"]
[SourceQuality "1"]

1. e4 e5 2. Nf3 Nc6 3. Bc4 Be7 4. d3 Na5 5. Bb3 Nxb3 6. axb3 Nf6 7. Nxe5 d6 8. Nc4 0-0 9. 0-0 Be6 10. Be3 b6 11. f4 Qd7 12. Qe1 Qc6 13. Bd4 Ng4 14. b4 Qb5 15. Ne3 c5 16. bxc5 bxc5 17. Bc3 Qb7 18. d4 cxd4 19. Bxd4 Nf6 20. Nf5 Bxf5 21. exf5 g6 22. fxg6 hxg6 23. Bc3 Qb6+ 24. Qf2 Qxf2+ 25. Rxf2 Bd8 26. Nd2 Rc8 27. Bd4 Ng4 28. Re2 Nf6 29. Bxa7 Rxc2 30. Bd4 Nd5 31. Ra7 Nxf4 32. Rf2 Nd3 33. Re2 Nf4 34. Rf2 Nd3 35. Raxf7 Rxf7 36. Rxf7 Kxf7 37. Nf1 Nf4 38. Be3 Ne2+ 39. Kh1 Rxb2 40. Ng3 Ke6 41. Bg1 Ke5 42. Nf1 d5 43. Ne3 d4 44. Nc4+ Ke4 45. Nxb2 d3 46. Bc5 Kd5 47. Be3 Ke4 48. Bc5 Kd5 49. Be3 Ke4 50. Bh6 Kd4 51. g3 Ke4 52. Kg2 Kd4 53. Kf3 Kc3 54. Nd1+ Kd4 55. Be3+ Kd5 56. Nb2 Kd6 57. Nxd3 Nc3 58. Nf4 g5 59. Nh3 Nd5 60. Nxg5 Bxg5 61. Bxg5 Nc3 62. Bf6 Nd5 63. Ba1 Nb4 64. g4 Nc2 65. Bg7 Ne1+ 66. Ke2 Ng2 67. g5 Nf4+ 68. Ke3 Ne6 69. Bf6 Nc7 70. Ke4 Nd5 71. Be5+ Ke6 72. g6 Ke7 73. g7 Nc3+ 74. Bxc3 Kf7 75. h4 Kg8 76. h5 Kf7 77. h6 Kg8 78. Kd5 Kh7 79. Ke6 Kg8 80. Ke7 Kh7 81. Kf7 Kxh6 82. g8Q Kh5 83. Qg3 Kh6 84. Qg6# 1-0

[Event "Petrolina Cordioli Memorial op"]
[Site "Petrolina"]
[Date "2007.10.18"]
[Round "1"]
[White "Mateus, Janete de Alcantara"]
[Black "Ferreira, Joemerson Damacena"]
[Result "0-1"]
[WhiteElo "1800"]
[BlackElo "1899"]
[PlyCount "56"]
[EventDate "2007.10.09"]
[EventType "swiss"]
[EventRounds "7"]
[EventCountry "BRA"]
[SourceTitle "EXT 2022"]
[Source "ChessBase"]
[SourceDate "2021.10.06"]
[SourceVersion "1"]
[SourceVersionDate "2021.10.06"]
[SourceQuality "1"]

1. c4 e6 2. Nc3 Nf6 3. Nf3 Be7 4. e3 d5 5. d4 0-0 6. Be2 b6 7. 0-0 Bb7 8. b3 Nbd7 9. Re1 Re8 10. Qc2 dxc4 11. bxc4 c5 12. Rd1 Qc7 13. d5 exd5 14. cxd5 a6 15. a4 Rad8 16. Bc4 Ne5 17. Nxe5 Qxe5 18. f4 Qh5 19. Be2 Qg6 20. f5 Qh6 21. e4 Qh4 22. Rf1 Bd6 23. g3 Bxg3 24. Bf3 Be5 25. Ra3 Bd4+ 26. Kh1 Ng4 27. Nd1 Qh3 28. Bxg4 Qxf1# 0-1